| 000 | 01040nam a2200253 a 4500 | ||
|---|---|---|---|
| 001 | 40140 | ||
| 003 | BD-RjUL | ||
| 005 | 20211209053139.0 | ||
| 008 | 160423s1990 ii ||||e |||| 00| 0 ben d | ||
| 020 | _c: Rs.40.00 | ||
| 035 | _a(BD-RjUL)40255 | ||
| 040 |
_aBD-RjUL _bben _cBD-RjUL |
||
| 041 | _aben | ||
| 082 |
_223 _bBOP 1990 _a891.443 |
||
| 100 |
_aবন্দ্যোপাধ্যায়, তারাশঙ্কর _9117713 |
||
| 245 | 1 | 0 |
_aপঞ্চগ্রাম / _c তারাশঙ্কর বন্দ্যোপাধ্যায় |
| 250 | _a৩য় সং. | ||
| 260 |
_aকলিকাতা : _bপ্রাইমা পাবলিকেশন্স, _c১৯৯০ |
||
| 300 |
_a২৯৫ পৃ. ; _c২১ সেমি. |
||
| 500 | _aজ্ঞানপীঠ পুরস্কারে অভিনন্দিত গণদেবতার দ্বিতীয় পর্ব | ||
| 650 |
_aবাংলা উপন্যাস _9123595 |
||
| 650 |
_aBengali Fiction _9123596 |
||
| 942 |
_2ddc _cBK |
||
| 999 |
_c40140 _d40140 |
||